000 00514nam a2200181Ia 4500
001 10653
005 20260306161848.0
008 260306t1982||||xx |||||||||||||| ||spa||
041 _aESP
082 _a946.03
_bR24
100 _aRamos Pérez, Demetrio
_eAUT
245 0 _aEl conflicto de las lanzas jinetas:
_bel primer alzamiento en tierra americana, durante el segundo viaje colombino
260 _c1982
300 _a187 páginas :
_c22 cm.
650 _aGEN
654 _aCHU
942 _cLIB
_dJUS
_fJUS
_2ddc
_n
999 _c10653
_d10653